Qui est l'artiste ? - Statistiques

Statistiques générales
  • Ce quiz a été pris 217 fois
  • Le résultat moyen est 15 sur 20
Statistiques - réponses
Hint Réponse % Correct
La Joconde, l'homme de Vitruve, la Cène Léonard de Vinci
99%
Au bonheur des dames, Germinal, J'accuse Emile Zola
91%
Thriller, You rock my world, Billie Jean Michael Jackson
91%
Bohemian rapsody, Love of My life, Another one bites the dust Queen
91%
La Chapelle Sixtine, la Pietà, David Michel-Ange
89%
Guernica, Garçon à la Pipe, Dora Maar au Chat Pablo Picasso
86%
Tartuffe, Le Misanthrope, L’Avare Molière
85%
L’Étranger, La Peste, Le Mythe de Sisyphe Albert Camus
84%
Rolling in the deep, Someone like you, When we were young Adele
82%
La Parure, le Horla, Bel-Ami Guy de Maupassant
78%
Macbeth, Hamlet, Othello William Shakespeare
78%
1984, la Ferme des animaux, Un peu d'air frais George Orwell
76%
Les Mangeurs de pommes de terre, Autoportrait au chapeau de paille, les Tournesols Vincent van Gogh
75%
Mon fils ma bataille, l'Aziza, le Chanteur Daniel Balavoine
74%
Love me do, Help!, Yesterday The Beatles
67%
Psychose, Fenêtre sur cour, Vertigo Alfred Hitchcock
65%
La Sagrada Família, le Parc Guell, la Casa Batlló Antoni Gaudí
56%
Le Serment du Jeu de paume, la Mort de Marat, le Sacre de Napoléon Jacques-Louis David
48%
Masoko Na Mabele, Fashion designa, Un meilleur nous Theodora
44%
Shutter Island, The Wolf of Wall Street, Casino Martin Scorsese
43%
Aucun quiz correspondant
Distribution des résultats
% des personnes avec chaque résultat
Percentile par nombre de réponses
Votre historique - résultats
Vous n’avez pas pris ce quiz